| 000 | 00732nam a2200289Ia 4500 | ||
|---|---|---|---|
| 005 | 20250425160644.0 | ||
| 008 | 250425s9999 xx 000 0 und d | ||
| 020 | _a9684517318 | ||
| 041 | _aspa | ||
| 082 | _a532 | ||
| 100 | _aFOX, ROBERT W. | ||
| 245 | 0 | _aINTRODUCCION A LA MECANICA DE FLUIDOS | |
| 250 | _a2A ED. | ||
| 260 | _aMEXICO | ||
| 260 |
_aMéxico _bMCGRAW-HILL _c1989 |
||
| 300 | _a750 | ||
| 500 | _a26358, 26359, 26360, 26361, 26362c.2-c.6 s/.25.000c/u EDIC. COMPRA | ||
| 650 | _aORDENADORES | ||
| 650 | _aORDENADORES | ||
| 650 | _aPASCAL | ||
| 650 | _aPASCAL | ||
| 650 | _aSISTEMAS OPERATIVOS | ||
| 650 | _aSISTEMAS OPERATIVOS | ||
| 700 | _aMCDONALD, ALAN T. | ||
| 942 | _c01 | ||
| 010 | _a1408 | ||
| 999 |
_c193496 _d193496 |
||